000 00753cab a2200217 4500
001 WB3303-39
008 090401t1997 xxu||||| |||| 00| 0 eng d
035 _a(Sirsi) u26660
041 _aeng
245 _aSurveyors roles
260 _c1997
350 _a0
490 _aWestern Morning News
_v11 January 1997, B9 (1)
520 _aDiscusses the various roles of the chartered surveyor, across the property sector. Stresses that all practising members of the RICS are bound by strict rules of conduct - designed to protect clients interests.
650 _aABOUT RICS-RICS MEMBERS
650 _aRICS
650 _aRICS RULES OF CONDUCT
690 _aMANAGEMENT-BUSINESS MANAGEMENT-PROFESSIONAL PRACTICE
942 _n0
948 _c04/03/1997
999 _c17937
_d17937